000 00634nam a22001817a 4500
003 UA-OsUOA
001 15945
007 ta
008 20031214b un ||||| |||| 00| 0 ukr d
100 _aПогонська В.
942 _cSA
040 _aUA-OsUOA
_cUA-OsUOA
_dUA-OsUOA
245 _aУ напруженому ритмі , за велінням совісті
_b[Відбулося 2-ге пленар. засід. 14-ої сесії Рівнен. міськради]
300 _aС.3
955 _a0
773 0 _w0
_tСім днів
_dРівне
_d2003
_g№45/7 листоп./
650 7 _aКраєзнавча робота
_2UDC
999 _c302110
_d302110